| 000 | 00642nam a22002057a 4500 | ||
|---|---|---|---|
| 005 | 20160513094633.0 | ||
| 008 | 160512b mx||||| |||| 00| 0 spa d | ||
| 020 | _a9706271764 | ||
| 050 | 0 | 4 |
_aPQ7084 _bT74 2000 |
| 245 | 0 | 0 | _aTres grandes de la poesía. |
| 250 | _a1a ed. | ||
| 260 |
_aMéxico : _bEditorial Epoca, _c2000 |
||
| 300 |
_a126 p. ; _c18 cm. |
||
| 500 | _aTítulo de la cubierta: Tres grandes de la poesía : Lorca, Machado y Peza. | ||
| 600 | 1 | 4 |
_aGarcia Lorca, Federico, _d1898-1936 |
| 600 | 1 | 4 |
_aDios Peza, Juan de _d1852- |
| 600 | 1 | 4 |
_aMachado, Antonio, _d1875-1939 |
| 650 | 4 |
_aPoesía _ySiglo XX |
|
| 942 |
_2lcc _cLIB |
||
| 999 |
_c116617 _d116617 |
||